Determinación del rendimiento del silo cosechador de sorgo, modelo suprema serie n° 18-151 y el tractor Sonalika 90 rx, en la finca la esperanza, comunidad de Sofradia, municipio de Tipitapa, departamento de Managua

En este estudio se pretende determinar de forma práctica y mediante la realización de un estudio de tiempos, el rendimiento del conjunto agrícola formado por el silo cosechador de Sorgo en la finca La Esperanza, municipio de Tipitapa, departamento de Managua, con el propósito de evaluar los para...

Full description

Bibliographic Details
Main Authors: Laguna García, Ana Julissa, Meléndez Valle, Katherine de los Ángeles, González Duarte, Ivett Carolina
Other Authors: Tutor: Rivera Medina, Ricardo José
Format: Tesis Section = Libro
Language:Undetermined
Spanish
Published: Managua UNI 2022
Subjects:
LEADER 01669nam a2200277Ia 4500
008 240830s9999 xx 000 0 und d
040 |a BIBLIOTECA-RUPAP/ Mon 631.3 L182 
041 |a spa 
082 |a Mon 631.3 L182 
100 1 |a Laguna García, Ana Julissa 
100 1 |b Meléndez Valle, Katherine de los Ángeles 
100 1 |c González Duarte, Ivett Carolina 
245 1 0 |a Determinación del rendimiento del silo cosechador de sorgo, modelo suprema serie n° 18-151 y el tractor Sonalika 90 rx, en la finca la esperanza, comunidad de Sofradia, municipio de Tipitapa, departamento de Managua 
260 |a Managua  |b UNI  |c 2022 
300 |a 74 p. .il. 
500 |a Contiene: anexos y CD. 
502 |a Tesis (Ingeniero Agrícola) - UNI, 2022. 
520 3 |a En este estudio se pretende determinar de forma práctica y mediante la realización de un estudio de tiempos, el rendimiento del conjunto agrícola formado por el silo cosechador de Sorgo en la finca La Esperanza, municipio de Tipitapa, departamento de Managua, con el propósito de evaluar los parámetros que establece la finca como se ha venido trabajando en los últimos años y encontrar los puntos débiles en la manera en que se ha venido administrando la finca en conjunto con sus recursos, para así plantear una alternativa que pueda mejorar la producción y por ende reducir gastos innecesarios en cuanto combustible y otros recursos. 
650 7 |a MAQUINARIA AGRICOLA 
650 7 |b  MECANIZACIÓN AGRÍCOLA 
650 7 |c  CULTIVOS AGRICOLAS 
650 7 |d SORGO-CULTIVO 
700 1 |a Tutor:  |b Rivera Medina, Ricardo José 
942 |c BK  |2 ddc 
991 |a Tesis 
999 |c 27723